00687nam a2200277Ia 4500008004000000041000800040082001100048100002500059245009700084260004900181300001800230650001000248650000800258650001100266650001200277650000700289650001000296650001000306650001600316650001200332650001200344650001200356650001300368650000800381700002000389210210b1952 xxu||||| |||| 00| 0 eng d aeng a320/95 aCARTER (Gwendolen M) aMajor foreign powers: the governments of Great Britain, France, the Soviet Union and Germany aNew YorkbHarcourt, Brace & World Inc.c1952 axxiii,815,cix aUnion athe aSoviet apowers: aof aMajor aGreat agovernments aGermany aFrance, aforeign aBritain, aand aRANNEY (John C)